000 00382nam a2200145Ia 4500
008 230312s9999||||xx |||||||||||||| ||und||
020 _a9780538475983
082 _a686
_bSER-M
100 _aO'Leary,J,Timothy
245 0 _aComputing essentials 2017 : making IT work for you
260 _bCengage
_aUSA
_c2012
300 _a696
650 _aComputer
_vArts graphiques
942 _cBK
999 _c17601
_d17601